000 00410nam a2200181Ia 4500
008 210210b1911 xxu||||| |||| 00| 0 eng d
041 _aeng
082 _a940/8
100 _aANDERSON (J G C)
245 _aStudents Gibbon Part II
260 _aLondon
_bJohn Murray
_c1911
650 _aStudents
650 _aPart
650 _aII
650 _aGibbon
690 _aEuropean History
906 _a025078
999 _c150927
_d150927